| 000 | 01043nam a2200277 a 4500 | ||
|---|---|---|---|
| 001 | 52816 | ||
| 003 | BD-RjUL | ||
| 005 | 20211209075850.0 | ||
| 008 | 160927s198 bg a|||| b||| 000 0 ben d | ||
| 020 | _c: Tk. 200.00 | ||
| 035 | _a(BD-RjUL)52936 | ||
| 040 |
_aBD-RjUL _bben _cBD-RjUL _dBD-RjUL |
||
| 041 | _aben | ||
| 082 |
_223 _a581 _bPAB 1986 |
||
| 100 | 1 |
_aপাশা, মোস্তাফা কামাল _9157941 |
|
| 245 | 1 | 0 |
_aব্যবহারিক উদ্ভদবিজ্ঞান / _cমোস্তাফা কামাল পাশা |
| 250 | _a১ম সং. | ||
| 260 |
_aঢাকা : _bবাংলা একাডেমী, _c১৯৮৬ [১৩৯৩] |
||
| 300 |
_aখণ্ড. : _bচিত্র. ; _c২২ সেমি. |
||
| 504 | _aগ্রন্থপঞ্জি সংযুক্ত | ||
| 505 | _a১ম খণ্ড-- | ||
| 650 |
_aউদ্ভদবিজ্ঞান _9157942 |
||
| 650 |
_aBotany _9157943 _vHandbooks, manuals, etc. |
||
| 650 |
_aBotany _9158070 |
||
| 942 |
_2ddc _cBK |
||
| 999 |
_c52816 _d52816 |
||